Evvel zaman içinde İstanbul ramazanları (Record no. 2225)

000 -LEADER
fixed length control field 01012nmm a2200289 a 4500
001 - CONTROL NUMBER
control field ocm000552739
003 - CONTROL NUMBER IDENTIFIER
control field TR-IsHL
005 - DATE AND TIME OF LATEST TRANSACTION
control field 20201028123114.0
008 - FIXED-LENGTH DATA ELEMENTS--GENERAL INFORMATION
fixed length control field 110704s2009 tu tur
007 - PHYSICAL DESCRIPTION FIXED FIELD--GENERAL INFORMATION
fixed length control field cr cn
020 ## - INTERNATIONAL STANDARD BOOK NUMBER
International Standard Book Number 9789756743584
035 ## - SYSTEM CONTROL NUMBER
System control number 552739
-- (N$T)
050 04 - LIBRARY OF CONGRESS CALL NUMBER
Classification number DR726
Item number .M86 2009
090 04 - LOCALLY ASSIGNED LC-TYPE CALL NUMBER (OCLC); LOCAL CALL NUMBER (RLIN)
Classification number (OCLC) (R) ; Classification number, CALL (RLIN) (NR) DR726
Local cutter number (OCLC) ; Book number/undivided call number, CALL (RLIN) .M86 2009
100 1# - MAIN ENTRY--PERSONAL NAME
Personal name Mümtaz, Ahmet Semih
245 10 - TITLE STATEMENT
Title Evvel zaman içinde İstanbul ramazanları
Medium [electronic resource] /
Statement of responsibility, etc. Ahmet Semih Mümtaz ; haz. Selahattin Hacıoğlu
250 ## - EDITION STATEMENT
Edition statement 1. bs.
260 ## - PUBLICATION, DISTRIBUTION, ETC.
Place of publication, distribution, etc. İstanbul :
Name of publisher, distributor, etc. Kurtuba Yayınları,
Date of publication, distribution, etc. 2009
300 ## - PHYSICAL DESCRIPTION
Extent 134 p.
650 #4 - SUBJECT ADDED ENTRY--TOPICAL TERM
Topical term or geographic name entry element Dil ve Edebiyat
650 #4 - SUBJECT ADDED ENTRY--TOPICAL TERM
Topical term or geographic name entry element Language and Literature
650 #0 - SUBJECT ADDED ENTRY--TOPICAL TERM
Topical term or geographic name entry element İstanbul (Türkiye)
General subdivision Sosyal yaşam ve gelenekler
650 #0 - SUBJECT ADDED ENTRY--TOPICAL TERM
Topical term or geographic name entry element Istanbul (Turkey)
General subdivision Social life and customs
650 #7 - SUBJECT ADDED ENTRY--TOPICAL TERM
Topical term or geographic name entry element SOCIAL SCIENCE / Customs & Traditions
Source of heading or term bisacsh
700 1# - ADDED ENTRY--PERSONAL NAME
Personal name Hacıoğlu, Selahattin
856 40 - ELECTRONIC LOCATION AND ACCESS
Uniform Resource Identifier <a href="http://search.ebscohost.com/login.aspx?direct=true&scope=site&db=e011xww&AN=552739">http://search.ebscohost.com/login.aspx?direct=true&scope=site&db=e011xww&AN=552739</a>
Holdings
Withdrawn status Lost status Source of classification or shelving scheme Damaged status Not for loan Collection code Permanent Location Current Location Date acquired Total Checkouts Full call number Barcode Date last seen Price effective from Koha item type
        Online   Kıbrıs Amerikan Üniversitesi Kütüphanesi / American University of Cyprus Kıbrıs Amerikan Üniversitesi Kütüphanesi / American University of Cyprus 28.10.2020   DR726 .M86 2009 552739 28.10.2020 28.10.2020 E-Kitap
Devinim Yazılım Eğitim Danışmanlık tarafından Koha'nın orjinal sürümü uyarlanarak geliştirilip kurulmuştur.